Lab Manual for Dean's Network+ Guide to Networks, / (Record no. 36256)

MARC details
000 -LEADER
fixed length control field 00476nam a22001697a 4500
005 - DATE AND TIME OF LATEST TRANSACTION
control field 20240802092146.0
008 - FIXED-LENGTH DATA ELEMENTS--GENERAL INFORMATION
fixed length control field 240802b |||||||| |||| 00| 0 eng d
020 ## - INTERNATIONAL STANDARD BOOK NUMBER
ISBN 9781305093096
082 ## - DEWEY DECIMAL CLASSIFICATION NUMBER
Classification number 004.87
Item number VER-L
100 ## - MAIN ENTRY--AUTHOR
Author Name Verge, Todd
245 ## - TITLE STATEMENT
Title Lab Manual for Dean's Network+ Guide to Networks, /
Statement of responsibility, etc. Todd Verge
260 ## - PUBLICATION, DISTRIBUTION, ETC.
Place of Publication USA:
Name of publisher, distributor, etc. Cengage learning;
Date of publication, distribution, etc. 2016.
300 ## - PHYSICAL DESCRIPTION
Pages xiv, 280 p. :
500 ## - GENERAL NOTE
General note include index.
650 ## - SUBJECT ADDED ENTRY--TOPICAL TERM
Subject / Department Networking
300 ## - PHYSICAL DESCRIPTION
-- ill;
-- 24 cm.
952 ## - LOCATION AND ITEM INFORMATION (KOHA)
-- 0
-- 0
Holdings
Lost status Damaged status Collection code Permanent Location Current Location Shelving Location Date acquired Full Call Number Accession No./Barcode Date last seen item type Koha item type
    CS/IT Superior Information Resource Center (SIRC) Superior University- Gold Campus Superior Information Resource Center (SIRC) Superior University- Gold Campus Networking 08/02/2024 004.87 VER-L 2016 17672 08/02/2024 BOOK BOOK

Powered by Koha